000 00660nam a2200277Ia 4500
005 20260324134444.0
008 008 260324s9999 xx 000 0 eng d
020 _a9781315192123
037 _aEBOOK
040 _aCRL
040 _beng
040 _cCRL
041 _2eng
041 _aeng
084 _qCRL
100 _aSven Larson
_91196878
245 0 _aUncertainty, Macroeconomic Stability and the Welfare State
260 _bTaylor and Francis
260 _c2002
365 _a
365 _b46.99
856 _uhttp://www.taylorfrancis.com/books/9781315192123
942 _cEBOOK
999 _c1797001
_d1797001